000 00381cam a22001097a 4500
008 180718b1964 xxu||||| |||| 00| 0 eng d
082 _aI56x73 Un3t
245 _aFiles operations
_cby National Archives and Records Service, United States
260 _aWashington
_bNational Archives and Records Service
_c1964
300 _a76+p
700 _aUnited States. National Archives and Records
999 _c491656
_d491656